Formel 1 Rennstrecken 2024 - Statistiken

Allgemein
  • Dieses Quiz wurde 928 mal gespielt
  • Das Durchschnittsergebnis liegt bei 20 aus 24
Antwortstatistiken
Bildquiz Antwort % Korrekt
Spa
96%
Monza
93%
Monaco
92%
Barcelona- Catalunya
91%
Suzuka
91%
Imola
88%
Miami
88%
Shanghai
87%
Spielberg
86%
Las Vegas
85%
Sakhir
85%
Jeddah
84%
Montreal
84%
Budapest
83%
Melbourne
83%
Silverstone
83%
Baku
81%
São Paulo
81%
Zandvoort
81%
Abu Dhabi
79%
Lusail
78%
Singapur
77%
Mexiko-City
75%
Austin
67%
Keine übereinstimmenden Quizze gefunden
Verteilung der Resultate
Anzahl Personen mit jedem Resultat
Perzentil nach korrekt beantworteten Fragen
Ihre Resultats-Entwicklung
Sie haben dieses Quiz noch nicht gespielt